LEADER 01236nam a2200265 i 4500 001 991001765459707536 008 120625s2005 it 000 0 ita d 035 $ab14067079-39ule_inst 040 $aDip.to Studi Giuridici$bita 082 0 $a344.450324 100 1 $aTondi Della Mura, Vincenzo$0252331 245 10$aDiritto al congedo straordinario per l'assistenza al soggetto disabile : verso una preferenza estesa ai familiari diversi dai genitori? /$cVincenzo Tondi Della Mura 260 $aMilano :$bGiuffrè,$c2005 300 $a2003-2016 p. ;$c23 cm 500 $aEstr. da : Giurisprudenza costituzionale. Anno L, Fasc. 3 - 2005 650 4$aDiritto del lavoro 650 4$aDiritto di famiglia 650 4$aDisabili$xAssistenza$xLegislazione$zItalia 787 $tGiurisprudenza costituzionale 907 $a.b14067079$b02-04-14$c25-06-12 912 $a991001765459707536 945 $aLE027 344.45 TON01.01$g1$i2027000320493$lle027$og$pE4.00$q-$rl$s- $t0$u0$v0$w0$x0$y.i15427626$z26-06-12 996 $aDiritto al congedo straordinario per l'assistenza al soggetto disabile : verso una preferenza estesa ai familiari diversi dai genitori$9239783 997 $aUNISALENTO 998 $ale027$b25-06-12$cm$da $e-$fita$git $h0$i0 LEADER 01153nam0 22002891i 450 001 UON00081141 005 20231205102429.169 100 $a20020107d1975 |0itac50 ba 101 $aita 102 $aIT 105 $a|||| ||||| 200 1 $aAfrica d'oggi$ele organizzazioni continentali e regionali africane e i territori non indipendenti$fdi Giuliano Cominardi e Paolo Ducci 205 $a2 ed 210 $aRoma$cIstituto Italo-Africano$d1975 215 $a96 p.$cc. geogr.$d24 cm 606 $aORGANIZZAZIONI INTERNAZIONALI$xAfrica$3UONC019392$2FI 620 $aIT$dRoma$3UONL000004 676 $a068$cISTITUTI E CENTRI SCIENTIFICI$v21 700 1$aCOMINARDI$bGiuliano$3UONV053419$032088 701 1$aDUCCI$bPaolo$3UONV053420$0342345 712 $aIstituto Italo-Africano$3UONV256944$4650 801 $aIT$bSOL$c20240220$gRICA 899 $aSIBA - SISTEMA BIBLIOTECARIO DI ATENEO$2UONSI 912 $aUON00081141 950 $aSIBA - SISTEMA BIBLIOTECARIO DI ATENEO$dSI AFR GEN 0457 $eSI AA 6267 5 0457 996 $aAfrica d'oggi$91300966 997 $aUNIOR